Statistiques concernant Personnages de Star Wars avec indice

Cliquez ici pour prendre le quiz!

Statistiques générales

  • Ce quiz a été pris 65 fois
  • Le résultat moyen est 38 sur 81

Statistiques - réponses

IndicePersonnage% Correct
Chevalier Jedi considéré comme l'éluAnakin Skywalker
96%
Maitre Jedi (Espèce non identifiée)Yoda
96%
Maitre Jedi fils de l'antagoniste principalLuke Skywalker
94%
Maitre Jedi exilé sur TatooineObi-Wan Kenobi
94%
Droide de protocoleC-3PO
86%
Maitre Jedi utilisant un sabre laser VioletMace Windu
86%
Co-Pilote du Faucon Millenium (Wookie)Chewbacca
84%
Sith Antagoniste principalDark Vador
84%
Pilote du Faucon MileniumHan Solo
84%
Princesse d'AlderaanLeia Organa
84%
Reine de NabooPadmé Amidala
84%
Maitre Jedi Mort dans l'épisode IQui-Gon Jinn
84%
Droide Astro-mécanoR2-D2
84%
Grosse LimaceJabba le Hutt
82%
Chasseur de PrimesBoba Fett
80%
Chancelier SuprêmeSheev Palpatine
80%
Pilleuse d'épave devenue JediRey
78%
Sith (Zabrak) Rouge et NoirDark Maul
74%
Maitre Jedi passant du coté obscur par la suiteDooku
72%
Sénateur de Naboo (Gungan)Jar Jar Binks
72%
Administrateur de la Cité des NuagesLando Calrissian
72%
Sith Empereur GalactiqueDark Sidious
64%
Ancien soldat du Premier OrdreFinn
62%
Général CyborgGrievous
60%
Pilote de la résistancePoe Dameron
60%
Amiral de la Flotte Rebelle (Mon calamari)Amiral Ackbar
58%
Grand Moff de l'Étoile NoireGrand Moff Tarkin
58%
Mère de l'élu et esclave de WattoShmi Skywalker
58%
Suprême leader du Premier OrdreSuprême leader Snoke
58%
Sénateur et Vice-Roi d'AlderaanBail Organa
50%
Capitaine CloneCapitaine Rex
48%
Superviseur de la base StarkillerGénéral Hux
48%
Maitre Jedi vert (Nautolan)Kit Fisto
48%
Maitre Jedi (Kel Dor) Mort dans l'épisode IIIPlo Koon
48%
Maitre Jedi (Céréen) Mort dans l'épisode IIIKi-Adi-Mundi
46%
Pilote de Module de Course (Dug)Sebulba
46%
Sith Maitre de l'empereur (Muun)Dark Plagueis
42%
Ancien Chancelier SuprêmeFinis Valorum
42%
Maitre Jedi (Twi'lek) Morte pendant l'ordre 66Aayla Secura
40%
Fille de l'ingénieur de l'étoile noireJyn Erso
40%
Vice-Roi de la Fédération du CommerceNute Gunray
40%
Droide Astro-mécanoBB-8
38%
Capitaine du Premier OrdreCapitaine Phasma
38%
Sith créateur de la règle des deuxDark Bane
38%
Aussi appeler L'EnfantGrogu
38%
Duchesse de MandaloreSatine Kryze
36%
Maitre Jedi (Togruta)Shaak Ti
36%
Guerrière Mandalorienne, Soeur de la Duchesse de MandaloreBo-Katan Kryze
34%
Chef GunganBoss Nass
34%
Chasseur de Primes (Rodien)Greedo
34%
Bras droit d'une grosse limaceBib Fortuna
32%
Maitre Jedi (Espèce non identifiée)Yaddle
32%
Sith avec des bonnes manièresDark Tyranus
30%
Chasseur de Primes (Mandalorien)Din Djarin
30%
Bibliothécaire de l'ordre JediJocasta Nu
30%
Chasseur de Primes (Trandoshan)Bossk
28%
Chef WookieTarfful
28%
Récupérateur et revendeur de ferraille sur JakkuUnkar Plutt
28%
Pilote de X-WingWedge Antilles
28%
Maitre Jedi (Mirialan)Luminara Unduli
26%
Chasseuse de Primes qui tente d'assassiner la Reine de NabooZam Wesell
26%
Chef de la Sécurité de NabooCapitaine Panaka
24%
Droide Chasseur de PrimesIG-88
24%
Vice chancelier / Grand VizirMas Amedda
24%
Sénatrice de ChandrillaMon Mothma
24%
Dirigeant GéonosienPoggle le Bref
24%
Premier Ministre KaminoienLama Su
22%
Pirate Contrebandière orangeMaz Kanata
22%
Mécanicien pour la RésistanceRose Tico
22%
Restaurateur de CoruscantDexter Jettster
18%
Pilote de l'alliance RebelleBiggs Darklighter
16%
Esclave de la grosse limace (Twi'lek)Oola
16%
Capitaine RebelleRaymus Antilles
16%
Maitre Jedi tué par les PykesSifo-Dyas
16%
Capitaine GunganCapitaine Tarpals
14%
Amiral d'un flotte ImpérialeGrand Amiral Thrawn
14%
Pilote Rebelle (Sullustan)Nien Nunb
14%
Officier de l'armée ImpérialeGénéral Veers
10%
Chasseuse de PrimesFennec Shand
8%
Maitre Jedi (Kajain'sa'Nikto)Ima Gun Di
6%
Lieutenant GéonosienSun Fac
6%

Distribution des résultats

Percentile par nombre de réponses

% des personnes avec chaque résultat

Votre développement - résultats

Vous n’avez pas pris ce quiz